ห้องสมุด วิทยาลัยพยาบาลบรมราชชนนี อุดรธานี Boromarajonani College of Nursing, Udonthani
mysqli: Table './ulib2015/stat_globaluid' is marked as crashed and last (automatic?) repair failed select id from stat_globaluid where statuid='20260418062025_323' mysqli: Table './ulib2015/stat_globaluid' is marked as crashed and last (automatic?) repair failed DELETE FROM stat_globaluid
WHERE id NOT IN (
SELECT id
FROM (
SELECT id
FROM stat_globaluid
ORDER BY id DESC
LIMIT 100
) foo
); mysqli: Table './ulib2015/stat_globaluid' is marked as crashed and last (automatic?) repair failed insert into stat_globaluid set
statuid='20260418062025_323',
dt='1776468025',
phpself='/ULIB/dublinfull.php',
agent='Mozilla/5.0 AppleWebKit/537.36 (KHTML, like Gecko; compatible; ClaudeBot/1.0; +claudebot@anthropic.com)',
yea='2026',
mon='4',
dat='18',
ip='216.73.216.142'
LEADER 00674nam 2200229 a 4500
001 13461
003 ULIBM
008 241111s2545 th m a001 0 tha d
050 4 ^aQU145^bส691อ 2545
245 10 ^aอาหารไทย : ผลิตเพื่อใคร คนไทย ฤา ต่างชาติ/^cสำนักงานสนับสนุนการพัฒนายุทธศาสตร์แห่งชาติด้านอาหาร
250 ^aพิมพ์ครั้งที่ 1.
260 ^aกรุงเทพฯ:^bสำนักงานสนับสนุนการพัฒนายุทธศาสตร์แห่งชาติด้านอาหาร,^c2545
300 ^a 31 หน้า.
650 7 ^aการผลิตอาหาร
700 0 ^aโภชนาการ
710 1 ^aอาหาร
945 ^p0^l0^i19200
945 ^p0^l0^i19201
945 ^p0^l0^i19202
945 ^p0^l0^i19203
945 ^p0^l0^i19204
999 ^aลิขิตลักษณ์
คุณยังไม่ได้ล็อกอิน คุณสามารถมีกิจกรรมร่วมกับเว็บไซต์ได้ แต่ต้องล็อกอินก่อน ::
ลำดับที่
ประเภท
เลขเรียก /บาร์โค้ด
สถานที่
สถานะ
1.
หนังสือการพยาบาล QU145 ส691อ 2545 Barcode: 19200 หนังสือเก่า On Shelf ขอยืม
2.
หนังสือการพยาบาล QU145 ส691อ 2545 ฉ.2 Barcode: 19201 หนังสือเก่า On Shelf ขอยืม
3.
หนังสือการพยาบาล QU145 ส691อ 2545 ฉ.3 Barcode: 19202 หนังสือเก่า On Shelf ขอยืม
4.
หนังสือการพยาบาล QU145 ส691อ 2545 ฉ.4 Barcode: 19203 หนังสือเก่า On Shelf ขอยืม
5.
หนังสือการพยาบาล QU145 ส691อ 2545 ฉ.5 Barcode: 19204 หนังสือเก่า On Shelf ขอยืม [แสดง 5/5 รายการ]
mysqli: Can't create/write to file '/var/tmp/#sql_59d_0.MAI' (Errcode: 2) select * from index_db where titl like '%อาหารไทย : ผลิตเพื่อใคร คนไทย ฤา ต่างชาติ/ สำนักงานสนับสนุนการพัฒนายุทธศาสตร์แห่งชาติด้านอาหาร%' and mid<>'13461' order by rand() limit 3 mysqli: Can't create/write to file '/var/tmp/#sql_59d_0.MAI' (Errcode: 2) select * from index_db where subj like '%การผลิตอาหาร%' and mid<>'13461' order by rand() limit 3
ยังไม่เคยถูกคอมเมนท์
คอมเมนท์ทรัพยากรรายการนี้
JavaScript must be enabled in order for you to use Google Maps.
However, it seems JavaScript is either disabled or not supported by your browser.
To view Google Maps, enable JavaScript by changing your browser options, and then
try again.